000 00623nam a2200229Ia 4500
005 20260320201905.0
008 008 262003s9999 xx 000 0 eng d
037 _aEBOOK
040 _aCRL
040 _beng
040 _cCRL
041 _2eng
041 _aeng
084 _qCRL
100 _aGheorghe
_91135521
245 0 _aLightning-Fast Mobile App Development with Galio: Build stylish cross-platform mobile apps with Galio and React Native
260 _bIEEE
856 _uhttps://ieeexplore.ieee.org/servlet/opac?bknumber=10163309
942 _cEBOOK
999 _c1724120
_d1724120